00229nam a2200097Ia 4500008004100000100002400041245001300065250000800078260003700086300000800123191201s2009 xx 000 0 und d aKANETKAR, Yashavant 0aC pearls aRep c2009bBPB PublicationaNEW DELHI a291